LEGO Ninjago: Dragons Rising: Characters by Picture - Statistics

General Stats
  • This quiz has been taken 107 times
  • The average score is 34 of 81
Answer Stats
Picture Answer % Correct
Sora
97%
Arin
96%
Cole
88%
Jay
88%
Nya
88%
Kai
87%
Lloyd
87%
Lord Ras
85%
Riyu
84%
Wyldfyre
79%
Empress Beatrix
76%
Morro
68%
P.I.X.A.L.
68%
Wu
68%
Dareth
66%
Geo
63%
Rapton
63%
Tox
62%
Cinder
59%
Euphrasia
59%
Frak
57%
Jordana
54%
The Mechanic
54%
Fugi-Dove
53%
Nokt
53%
Roby
53%
Lobbo
51%
Thunderfang
51%
Egalt
50%
Mr. Pale
50%
Lee
49%
Mr. Frohicky
49%
Rontu
49%
Rox
49%
Drix
47%
Kur
47%
Princess Zeatrix
47%
Zanth
47%
Bonzle
44%
Dorama
44%
Dr. LaRow
43%
Zarkt
43%
Heatwave
40%
Barry
38%
Jenny
38%
Arrakore
37%
Bleckt
35%
Kruncha
35%
Nuckal
35%
Fritz
34%
Kreel
31%
Spitz
31%
Tyr
28%
Intelligent George
26%
Jiro
26%
Gandalaria
25%
Spirit of the Temple
25%
Zant-Tanz
22%
Zur
22%
Obscuria
19%
Agent SsssSsss Underwood
18%
Grab-Barg
18%
Kizzy
18%
Emperor Levo
15%
Leaf Blade
15%
Zarkar
15%
Bone King
13%
Agent Roderick Allen
12%
Suetonius
10%
Fedulian
9%
Algu
6%
Arccrack
6%
Gorge
6%
Henjamin
6%
Mord
6%
Teelk
6%
Ellie
4%
Agent Denholt
3%
Agent Karit
3%
Sub-Agent Prentis
3%
Treg
3%
No matching quizzes found
Score Distribution
Percent of People with Each Score
Percentile by Number Answered
Your Score History
You have not taken this quiz